| 000 | 01282nam a2200289 i 4500 | ||
|---|---|---|---|
| 001 | 768714001 | ||
| 003 | CO-MdFUSB | ||
| 005 | 20240626115846.0 | ||
| 007 | ta | ||
| 008 | 230417t1989 gt ca||| |||| 00| 0 spa d | ||
| 020 | _q[No incluye ISBN] | ||
| 040 |
_aCO-MdFUSB _bspa _cCO-MdFUSB _dCO-MdFUSBC _erda |
||
| 041 | _aspa | ||
| 082 |
_223 _a280.0903 _bN973 |
||
| 100 |
_aNúñez C., Emilio Antonio, _eautor |
||
| 245 | 1 |
_aEn generación y generación : _bapuntes para una historia del Instituto Biblico y Seminario Teologico Centroamericano 1929 - 1989 _c/ Emilio Antonio, Núñez C. |
|
| 264 | 0 |
_aGuatemala : _bSeminario Teológico Centroamericano (SETECA), _c[1989] |
|
| 300 |
_a128 páginas _c; 21 cm |
||
| 336 |
_2rdacontent _atexto _btxt |
||
| 337 |
_2rdamedia _asin mediación _bn |
||
| 338 |
_2rdacarrier _avolumen _bnc |
||
| 505 | _aOrígenes de la Misión Centroamericana. -- Primeros intentos en la formación de líderes nacionales. -- Fundación del Instituto Bíblico Centroamericano. -- Tiempos de consolidación y crecimiento: 1931-1950. -- Los siguientes diez años. -- Años de crisis: 1962-1964. -- ¡Hacia adelante! 1965-1973. -- Dios da el crecimiento: 1974-1989. | ||
| 563 | _aRústico | ||
| 650 | 0 |
_9362 _aEvangelización |
|
| 942 | _cBK | ||
| 945 | _aJTF-925 | ||
| 999 |
_c68730 _d68730 |
||